<?xml version="1.0" encoding="UTF-8"?>
<record
    xmlns:xsi="http://www.w3.org/2001/XMLSchema-instance"
    xsi:schemaLocation="http://www.loc.gov/MARC21/slim http://www.loc.gov/standards/marcxml/schema/MARC21slim.xsd"
    xmlns="http://www.loc.gov/MARC21/slim">

  <leader>00699nam a2200217Ia 4500</leader>
  <controlfield tag="005">20250622124036.0</controlfield>
  <controlfield tag="008">250617s9999||||xx |||||||||||||| ||ara||</controlfield>
  <datafield tag="017" ind1=" " ind2=" ">
    <subfield code="a">2024/30308</subfield>
    <subfield code="b">&#x645;&#x635;&#x631;. &#x62F;&#x627;&#x631; &#x627;&#x644;&#x643;&#x62A;&#x628;</subfield>
  </datafield>
  <datafield tag="020" ind1=" " ind2=" ">
    <subfield code="a">9789778064520</subfield>
  </datafield>
  <datafield tag="082" ind1="0" ind2="4">
    <subfield code="a">"229,3"</subfield>
    <subfield code="b">&#x645; &#x641;</subfield>
  </datafield>
  <datafield tag="100" ind1="0" ind2=" ">
    <subfield code="a">&#x645;&#x649; &#x639;&#x635;&#x627;&#x645;</subfield>
  </datafield>
  <datafield tag="245" ind1="1" ind2="0">
    <subfield code="a">&#x641;&#x627;&#x633;&#x62A;&#x62C;&#x627;&#x628; &#x644;&#x647;&#x645; &#x631;&#x628;&#x647;&#x645; /</subfield>
    <subfield code="c">&#x645;&#x649; &#x639;&#x635;&#x627;&#x645;</subfield>
  </datafield>
  <datafield tag="250" ind1=" " ind2=" ">
    <subfield code="a">&#x637;1</subfield>
  </datafield>
  <datafield tag="260" ind1="3" ind2=" ">
    <subfield code="a">&#x627;&#x644;&#x642;&#x627;&#x647;&#x631;&#x629; :</subfield>
    <subfield code="b">"&#x62F;&#x648;&#x646; &#x644;&#x644;&#x646;&#x634;&#x631; &#x648;&#x627;&#x644;&#x62A;&#x648;&#x632;&#x64A;&#x639;&#x60C;"</subfield>
    <subfield code="c">2025.</subfield>
  </datafield>
  <datafield tag="300" ind1=" " ind2=" ">
    <subfield code="a">191&#x635; &#x61B;</subfield>
    <subfield code="b"></subfield>
    <subfield code="c">20&#x633;&#x645;.</subfield>
  </datafield>
  <datafield tag="650" ind1=" " ind2=" ">
    <subfield code="a">&#x627;&#x644;&#x623;&#x62F;&#x639;&#x64A;&#x629; &#x648;&#x627;&#x644;&#x623;&#x648;&#x631;&#x62F;&#x629;</subfield>
  </datafield>
  <datafield tag="650" ind1=" " ind2=" ">
    <subfield code="a">&#x627;&#x644;&#x62F;&#x639;&#x627;&#x621; (&#x62A;&#x635;&#x648;&#x641; &#x625;&#x633;&#x644;&#x627;&#x645;&#x649;)</subfield>
  </datafield>
  <datafield tag="650" ind1=" " ind2=" ">
    <subfield code="a">&#x627;&#x644;&#x635;&#x644;&#x627;&#x629; </subfield>
    <subfield code="x"> &#x627;&#x644;&#x62F;&#x639;&#x627;&#x621; &#x628;&#x639;&#x62F;&#x647;&#x627;</subfield>
  </datafield>
  <datafield tag="942" ind1=" " ind2=" ">
    <subfield code="c">BK</subfield>
  </datafield>
  <datafield tag="999" ind1=" " ind2=" ">
    <subfield code="c">67661</subfield>
    <subfield code="d">67661</subfield>
  </datafield>
  <datafield tag="952" ind1=" " ind2=" ">
    <subfield code="0">0</subfield>
    <subfield code="1">0</subfield>
    <subfield code="4">0</subfield>
    <subfield code="7">0</subfield>
    <subfield code="a">CAI</subfield>
    <subfield code="b">CAI</subfield>
    <subfield code="c">MAIN-LIBRARY</subfield>
    <subfield code="d">2025-06-22</subfield>
    <subfield code="l">0</subfield>
    <subfield code="r">2025-06-22 12:40:36</subfield>
    <subfield code="w">2025-06-22</subfield>
    <subfield code="y">BK</subfield>
  </datafield>
</record>
